Statystyki dla Top 100 Najpopularniejszych Piosenek Rapowych

Kliknij tutaj aby rozwiązać quiz!

Ogólne statystyki

  • Ten quiz został rozwiązany 3 442 razy
  • Średni wynik to 23 z 100

Statystyki odpowiedzi

Miejsce na liścieOdpowiedźWykonawca% Poprawnych
1Na szczycieGrubson
88%
5EldoradoDeemz x PlanBe x Bedoes
68%
11TamagotchiTaconafide
68%
7SzamanPaluch
64%
4Half DeadQuebonafide
63%
8Nie, nieOtsochodzi
58%
13WodospadyPopek
55%
198 kobietTaconafide
54%
36CaliforniaWhite 2115
53%
16UaReTo
52%
10CandyQuebonafide
50%
23Nowy kolorOtsochodzi
50%
22KryptowalutyTaconafide
48%
12Młoda KrewZbuku
48%
20MówiłaśYoung Igi
47%
31 momentK2
42%
2130 kmhKali
39%
14Dla prawdziwych damGang Albanii
39%
15Mój ziomekGanja Mafia
39%
2Zbyt wieleKaen
39%
9Bez strachuPaluch
38%
6Gdybyś kiedyśPaluch
38%
92MadagaskarQuebonafide
37%
17MademoiselleBlacha2115
37%
58ZorzaQuebonafide
37%
50Klub Go GoGang Albanii
35%
41CasablancaBlacha2115
32%
93Płuca Zlepione TopamiGuzior
32%
72Rs7ReTo
32%
40KsiężniczkiŻabson
31%
61NostalgiaTaco Hemingway
30%
2605 05Bedoes
26%
756 zerTaco Hemingway
26%
18Albański RajGang Albanii
26%
33WyjebaneKękę
25%
59Pole marysiGanja Mafia
24%
31Sorry DoloresReTo
24%
25Do końcaZbuku
23%
43OkoPaluch
23%
94PogbaYoung Multi
23%
66Alter EgoKaen
22%
42BoginiQuebonafide
21%
76FijiTaco Hemingway
21%
37Kontrola JakościPaluch
21%
32UzależnionySmolasty
21%
63BuziYoung Igi
20%
47C'est la vieQuebonafide
20%
77NinjaGuzior
20%
80Biały i młodyBedoes
19%
45CardioPaluch
19%
99Jestem MarynarzemBeka KSH
18%
98Dla nasPopkiller Młode Wilki 5
16%
82Moizdrajcy.comDeys
16%
78QuebahombreQuebonafide
16%
70BraciszkuBlacha2115
15%
44Była chłodnaSouth Blunt System
15%
53Kawa i XanaxQuebonafide
15%
81Następna StacjaTaco Hemingway
15%
60Prawo ponad prawemBezczel
15%
87BajkaSzpaku
14%
73OparyKali
14%
79TlenTaco Hemingway
14%
71EuforiaPawebeats x Quebonafide
13%
67HipotermiaZeus
13%
84Żadnych ZmartwieńQuebonafide x Kuban x Kuba Knap
13%
56DymPaluch
12%
48Kokainowy BaronGang Albanii
12%
96Mówiła miB.R.O
12%
49Kocham cię robaczkuGang Albanii
11%
97Między SłowamiQuebonafide
11%
38ZosiaRozbójnik Alibaba x Chada
11%
100GangesBiałas
10%
74Żyć aż do bóluChada
10%
24Gdy ujrzałemGanja Mafia
9%
30Jedna minutaSulin
9%
54Kapitan KoxGang Albanii
9%
34Między mną a tobąSulin
9%
52Naprawimy toGrubson
9%
35Nikt mi tego nie dałMłody M x Słoń
9%
28Nie lubimy robićDonata x Borixon
8%
27Obiecuję ciBuka & Rahim
7%
89PacyfkaKali
7%
57Witam cię w PolsceZbuku
7%
39NiedopowiedzeniaCzarny HiFi x Pezet
6%
29W sieciRozbójnik Alibaba x Pono
6%
46Tu gdzie żyjemyKali
5%
62Wychowani w PolsceTabasko
5%
90Daj mi powódPaluch
4%
55Lubię być samO.S.T.R.
4%
86Panta RheiKali
4%
64Psychologia TłumuO.S.T.R. Hades
4%
85SpowiedźO.S.T.R
4%
83ZwierciadłoKali
4%
68Mimo WszystkoKaen
3%
65Nie dbamMałach x Rufuz
3%
51W wyjątkowychWWO
3%
69MagnesRozbójnik Alibaba x Borixon
2%
91Wspólny LotKali
2%
95ZmysłyKękę
2%
88Lecimy od latPaluch
1%

Rozkład punktacji

Percentyl według liczby udzielonych odpowiedzi

Procent ludzi z każdym wynikiem

Twoja historia wyników

Nie rozwiązałeś tego quizu